000 00752ngm a2200169 i 4500
001 C2-0343753
003 PPAK
005 20180727222825.0
008 171122s2017 cc |||| ||||| | vlzxx d
040 _aPPAK
_beng
_cPPAK
_erda
245 1 0 _aKung fu yoga
264 1 _aChina, India; Kuala Lumpur :
_bTaihe Entertainment, Shinework Pictures; Golden Satellite Distribution Sdn. Bhd. (Malaysia Distributor) ,
_c2017
500 _aSummary : Jack (Jackie Chan), a world-renowned archaeology professor, and his team are on a grand quest to locate a lost ancient Indian treasure when they are ambushed by a team of mercenaries and left for dead. Using his vast knowledge of
700 _eauthor
700 0 _aChi-Leung Kwong,
_eeditor
942 _2ddc
_cDVD
999 _c168077
_d168077